Ceramah Teknikal Pemasaran Harta Tanah (12 Disember 1995)
| Format: | Book |
|---|---|
| Subjects: | |
| Online Access: | http://app.inspen.gov.my:7779/pls/portal/docs/PAGE/CORPORATEPAGES/PORTAL_INSPEN/NOTA_KURSUS/VO/ABD.PDF |
MARC
| LEADER | 00000cam a2200000 7i4500 | ||
|---|---|---|---|
| 001 | 0000005913 | ||
| 005 | 20071206.0 | ||
| 040 | |a INS | ||
| 090 | 0 | 0 | |a VO20 |
| 245 | 0 | 0 | |a Ceramah Teknikal Pemasaran Harta Tanah (12 Disember 1995) |
| 500 | |a Digital document is available on-line; Please click the URL below | ||
| 650 | 0 | 0 | |a Marketing - Real Property |
| 856 | |u http://app.inspen.gov.my:7779/pls/portal/docs/PAGE/CORPORATEPAGES/PORTAL_INSPEN/NOTA_KURSUS/VO/ABD.PDF | ||
| 999 | |a VO00000024 |b BOOK |c Banned Items |e Default branch | ||
| 999 | |a VO00000688 |b BOOK |c Course Notes |e Default branch | ||